| 000 | 01255nam a2200289 i 4500 | ||
|---|---|---|---|
| 001 | 90305 | ||
| 003 | ES-MaACL | ||
| 005 | 20240131131052.0 | ||
| 007 | t| | ||
| 008 | 220627s2021 sp f 00110 spa d | ||
| 020 | _a978-84-1381-156-7 | ||
| 100 | 1 |
_aAlzaga Villaamil, Óscar, _d1942- _921051 |
|
| 245 | 1 | 3 |
_aLa conquista de la transición (1960-1978) : _bmemorias documentadas / _cÓscar Alzaga Villaamil. |
| 260 |
_aMadrid : _bMarcial Pons, _c2021. |
||
| 300 |
_a589 p., [16] p. de lám. ; _c24 cm. |
||
| 500 | _aÍndice onomástico. | ||
| 594 | _aLibro presentado en el Salón de Actos del Ateneo de Madrid el miércoles 24 de noviembre de 2021 | ||
| 651 | 4 |
_aEspaña- _xHistoria- _y1955-1975. _98337 |
|
| 651 | 4 |
_aEspaña- _xHistoria- _y1975-1982, Transición. _9149272 |
|
| 651 | 4 |
_aEspaña- _xPolítica y gobierno- _y1939-1975. _98445 |
|
| 651 | 4 |
_aEspaña- _xPolítica y gobierno- _y1975-1982. _98447 |
|
| 852 | 4 |
_aES-MaACL _jA-14963 _993613 _bR.153183 _cDEPO1 _dOlim: N-7963 _gDedicatoria autógrafa del autor a Luis Arroyo, presidente del Ateneo _hDonación: Oscar Alzaga Villaamil |
|
| 903 |
_921051 _aAlzaga Villaamil, Óscar, _d1942- _ednr |
||
| 942 |
_2udc _cMONOGRAFIA |
||
| 999 |
_c90305 _d90305 |
||